ბათუმის შოთა რუსთაველის სახელმწიფო უნივერსიტეტის ბიბლიოთეკა

საქართველოს ორგანული კანონი: საქართველოს შრომის კოდექსი : (ბიბ.ჩანაწერი № 53854)

000 -ლიდერი
ფიქსირებული სიგრძის საკონტროლო ველი 01093nam a2200229Ia 4500
001 - საკონტროლო ნომერი
საკონტროლო ველი 20905
003 - საკონტროლო ნომრის იდენტიფიკატორი
საკონტროლო ველი GE_BSU
005 - ბოლო ოპერაციის თარიღი და დრო
საკონტროლო ველი 20220426100448.0
008 - ფიქსირებული სიგრძის მონაცემთა ელემენტები - ზოგადი ინფორმაცია
ფიქსირებული სიგრძის საკონტროლო ველი 181216s2017||||ge |||||||||||||| ||geo||
040 ## - კატალოგიზაციის წყარო
Transcribing agency GE_BSU
041 ## - ენის კოდი
Language code of text/sound track or separate title geo
080 ## - უნივერსალური ათობითი კლასიფიკაციის ინდექსი
Universal Decimal Classification number 349.2(479.22)(094.4) ს-32
245 ## - ცნობა სათაურის შესახებ
Title საქართველოს ორგანული კანონი: საქართველოს შრომის კოდექსი :
Remainder of title ცვლილებებითა და დამატებებით 2017 წლის 8 მაისამდე.
264 ## - წარმოების, გამოცემის, დისტრიბუციის და სხვა ცნობები
გამოცემის, წარმოების, დისტრიბუციის... ადგილი თბილისი :
გამოცემის, წარმოების, დისტრიბუციის... სახელწოდება ბონა კაუზა,
გამოცემის, წარმოების, დისტრიბუციის... თარიღი 2017.
300 ## - ფიზიკური აღწერა
Extent 60 გვ. ;
Dimensions 20 სმ.
490 ## - სერიის ცნობა
Series statement იურისტის ბიბლიოთეკა
653 ## - INDEX TERM--UNCONTROLLED
Uncontrolled term სამართალი
653 ## - INDEX TERM--UNCONTROLLED
Uncontrolled term საქართველოს შრომის კოდექსი
653 ## - INDEX TERM--UNCONTROLLED
Uncontrolled term შეტანილია ცვლილება საქართველოს ორგანული კანონებით
942 ## - ADDED ENTRY ELEMENTS (KOHA)
Koha item type წიგნი
Source of classification or shelving scheme
ეგზემპლარები
ჩამოწერის სტატუსი დაკარგული ეგზემპლარის სტატუსი კლასიფიკაციის წყარო ან თაროზე გაწყობის სქემა დაზიანების სტატუსი არ გაიცემა მუდმივი მდებარეობა (დაცვის ადგილი) ამჟამინდელი ადგილსამყოფელი თაროზე განთავსების ადგილი შეძენის თარიღი ღირებულება, შესყიდვის ნორმალური ფასი სრული შენახვის შიფრი შტრიხკოდი ბოლო ოპერაციის თარიღი ეგზემპლარის მიმდევრობითი ნომერი (კეტერი?) ფასის ძალაში შესვლის თარიღი ეგზემპლარის სახეობა საჯარო შენიშვნა
          ბათუმის შოთა რუსთაველის სახელმწიფო უნივერსიტეტის მთავარი ბიბლიოთეკა ბათუმის შოთა რუსთაველის სახელმწიფო უნივერსიტეტის მთავარი ბიბლიოთეკა წიგნსაცავი 2018-12-17 3.50 349.2(479.22)(094.4) ს-32 54498 2018-12-17 54498 2018-12-17 წიგნი 3.50 ₾.
          ბათუმის შოთა რუსთაველის სახელმწიფო უნივერსიტეტის მთავარი ბიბლიოთეკა ბათუმის შოთა რუსთაველის სახელმწიფო უნივერსიტეტის მთავარი ბიბლიოთეკა წიგნსაცავი 2018-12-17 3.50 349.2(479.22)(094.4) ს-32 54499 2018-12-17 54499 2018-12-17 წიგნი 3.50 ₾.